Szczegóły MARC21

Praca biurowa i język handlowy : wzory pism, umów i innych dokumentów w języku polskim, angielskim i niemieckim /

003 -Nazwa inst., której nr kontr. jest w polu 001 [,]
    • @
    • Nazwa instytucji, której n kontrolny jest w polu 001
    • NUKAT
005 -DATA I CZAS OSTATNIEJ MODYFIKACJI [,]
    • @
    • pole kontrolne
    • 20241231112932.0
020 -Międzynarod. znormalizowany nr książki - ISBN [ , ]
    • a
    • Numer ISBN
    • 8390603438 Find
040 -Instytucja sporządzająca opis [ , ]
    • a
    • Instytucja, która sporządziła opis (NP)
    • NUKAT
    • c
    • Instytucja, która sporządziła rekord (NP)
    • WA U/EAD
    • d
    • Instytucja, która zmodyfikowała rekord (P)
    • GL 001/ML
041 -Język dokumentu [0, ]
    • a
    • Język tekstu (P)
    • polski
    • a
    • Język tekstu (P)
    • angielski
    • a
    • Język tekstu (P)
    • niemiecki
942 -Rodzaj dokumentu [ , ]
    • c
    • Rodzaj dokumentu
    • Książka
100 -Hasło główne - nazwa osobowa [1, ]
    • a
    • Nazwa osobowa (NP)
    • Kienzler, Iwona
    • d
    • Daty biograficzne (NP)
    • (1956- ).
    • 9
    • KHW
    • 9848
245 -Strefa tytułu i oznaczenia odpowiedzialności [1,0]
    • a
    • Tytuł
    • Praca biurowa i język handlowy : Find
    • b
    • Ciąg dalszy tytułu (NP)
    • wzory pism, umów i innych dokumentów w języku polskim, angielskim i niemieckim / Find
    • c
    • Pozostałe elementy strefy tytułu i oznaczenia odpowiedzialności (NP)
    • Iwona Kienzler.
250 -Strefa wydania [ , ]
    • a
    • Oznaczenie wydania (NP)
    • Wyd. 2.
260 -Strefa adresu wydawniczego [ , ]
    • a
    • Miejsce wydania (P)
    • Gdynia :
    • b
    • Nazwa wydawcy (P)
    • Ivax,
    • c
    • Data wydania (P)
    • 1999.
300 -Strefa opisu fizycznego [ , ]
    • a
    • Określenie formy książki i/lub objętość (NP)
    • 207 s. ;
    • c
    • Format (NP)
    • 24 cm.
336 -Typ zawartości [ , ]
    • a
    • Termin opisujący typ zawartości
    • Tekst
    • b
    • Kod określający zawartość
    • txt
    • 2
    • Źródło (terminu i kodu)
    • rdacontent
337 -Typ mediów [ , ]
    • a
    • Tryb odtwarzania
    • Bez urządzenia pośredniczącego
    • b
    • Kod typu mediów
    • n
    • 2
    • Źródło (terminu i kodu)
    • rdamedia
338 -Typ/rodzaj nośnika [ , ]
    • a
    • Hasło opisujące typ nośnika
    • Wolumin
    • b
    • Kod typu nośnika
    • nc
    • 2
    • Źródło (terminu i kodu)
    • rdacarrier
080 -Uniwersalna Klasyfikacja Dziesiętna [ , ]
    • a
    • Symbol klasyfikacji
    • 651(083)=20=30=84
080 -Uniwersalna Klasyfikacja Dziesiętna [ , ]
    • a
    • Symbol klasyfikacji
    • :802.0(083)=20=30=84
080 -Uniwersalna Klasyfikacja Dziesiętna [ , ]
    • a
    • Symbol klasyfikacji
    • +803.0(083)=20=30=84
080 -Uniwersalna Klasyfikacja Dziesiętna [ , ]
    • a
    • Symbol klasyfikacji
    • +808.4(083)=20=30=84
650 -Hasło przedmiotowe [ ,7]
    • a
    • Hasło przedmiotowe
    • Biura
    • x
    • Określnik rzeczowy
    • dokumenty i korespondencja.
    • 2
    • Źródło terminu
    • kaba
    • 9
    • KHW
    • 355104
650 -Hasło przedmiotowe [ ,7]
    • a
    • Hasło przedmiotowe
    • Korespondencja handlowa angielska
    • v
    • Określnik formalny
    • poradniki.
    • 2
    • Źródło terminu
    • kaba
    • 9
    • KHW
    • 355105
650 -Hasło przedmiotowe [ ,7]
    • a
    • Hasło przedmiotowe
    • Korespondencja handlowa niemiecka
    • v
    • Określnik formalny
    • poradniki.
    • 2
    • Źródło terminu
    • kaba
    • 9
    • KHW
    • 355106
650 -Hasło przedmiotowe [ ,7]
    • a
    • Hasło przedmiotowe
    • Korespondencja handlowa polska
    • v
    • Określnik formalny
    • poradniki.
    • 2
    • Źródło terminu
    • kaba
    • 9
    • KHW
    • 355107
980 -Symbol UKD [ , ]
    • a
    • UKD
    • 651:802.0+803.0+808.4](083)=20=30=84
710 -Hasło dodatkowe - nazwa ciała zbiorowego [2, ]
    • a
    • Nazwa ciała zbiorowego lub nazwa geograficzna jako pierwszy element (NP)
    • Wydawnictwo Ivax.
    • 4
    • Kod relacji
    • pbl
    • 9
    • KHW
    • 407469
920 -ISBN [ , ]
    • a
    • ISBN
    • 83-906034-3-8 Find
Lokalizacja Data inwentaryzacji Sygnatura Numer inwentarzowy Status udost.
BE2000-07-24 E.66963-2
BE2016-11-02 S.95249-2
BE2000-07-24 S.86280-3
BG2000-07-24W.202798W.202798-3
BG2000-07-24Z.96402Z.964021
T2000-07-24 T.29222